| 000 | 00871 a2200241 4500 | ||
|---|---|---|---|
| 001 | 80 | ||
| 005 | 20260407155407.0 | ||
| 008 | 260407a2007 arg spa d | ||
| 003 | AR-UNSa-BCEJYS | ||
| 040 |
_aAR-UNSa-BCEJYS _bspa _cAR-UNSa-BCEJYS |
||
| 080 |
_a316.46 _xLiderazgo |
||
| 245 | 1 | 0 |
_aNo soy superman _pLuces y sombras de una conversación interior |
| 020 | _a978-84-8322-369-7 | ||
| 250 | _a1a. ed | ||
| 264 | 1 |
_aMadrid : _bPearson Educación _c2007 |
|
| 300 |
_a168 p. _c25 cm |
||
| 505 | _a1. Escepticismo - 2. Conflicto - 3. A la defensiva - 4. Crisis - 5. Miedos - 6. Silencio-Paz - 7. Una decisión | ||
| 041 | _aspa | ||
| 942 | _cBK | ||
| 590 | _aniveau_biblio:m niveau_hierar:0 | ||
| 100 | 1 | _aAlvarez de Mon Pan de Soraluce, Santiago | |
| 856 | 4 | 1 |
_uhttps://biblioeco.unsa.edu.ar/pmb/images/libros/No soy superman-l117371.jpg _yImagen de portada _qimage/jpeg |
| 999 |
_c58 _d58 |
||